[Event "Thessaloniki Open 2009"]
[Site "Thessaloniki GRE"]
[Date "2009.04.27"]
[Round "1.1"]
[White "Georgiev, Vladimir"]
[Black "Nikologorsky, Matfei"]
[Result "1-0"]
[WhiteElo "2539"]
[BlackElo "2229"]
[PlyCount "43"]
[EventDate "2009.04.27"]
[EventType "swiss"]
[EventRounds "9"]
[EventCountry "GRE"]
[Source "lmi"]
[SourceDate "2009.04.27"]

1. d4 d5 2. c4 c6 3. cxd5 cxd5 4. Nc3 Nc6 5. Bf4 Nf6 6. Rc1 Qb6 7. e3 Qxb2 8.
Bd3 e6 9. Nb5 Bb4+ 10. Kf1 Ba5 11. Bd6 Qxa2 12. Ra1 Qb2 13. Ba3 Qd2 14. Qxd2
Bxd2 15. Nc7+ Kd8 16. Nxa8 Bd7 17. Nf3 Bc3 18. Rc1 Ba5 19. Ne5 Kc8 20. Nxf7 Rg8
21. Bd6 a6 22. Bc5 1-0

[Event "Thessaloniki Open 2009"]
[Site "Thessaloniki GRE"]
[Date "2009.04.27"]
[Round "1.2"]
[White "Jevtic, Miroljub"]
[Black "Esen, Baris"]
[Result "0-1"]
[WhiteElo "2173"]
[BlackElo "2472"]
[PlyCount "56"]
[EventDate "2009.04.27"]
[EventType "swiss"]
[EventRounds "9"]
[EventCountry "GRE"]
[Source "lmi"]
[SourceDate "2009.04.27"]

1. d4 Nf6 2. Nf3 g6 3. g3 Bg7 4. Bg2 O-O 5. O-O d6 6. Re1 Nbd7 7. c4 e5 8. dxe5
dxe5 9. Nc3 c6 10. Qc2 Qe7 11. Bg5 h6 12. Bxf6 Nxf6 13. Nd2 h5 14. h3 h4 15. g4
Nh7 16. e4 f5 17. f3 Ng5 18. Kh2 Ne6 19. Ne2 Bh6 20. Rad1 fxg4 21. hxg4 h3 22.
Bh1 Qh4 23. Nc3 Nd4 24. Qd3 Bxg4 25. Rg1 Rad8 26. Qf1 Bxd2 27. Ne2 Nxf3+ 28.
Bxf3 Rxf3 0-1

[Event "Thessaloniki Open 2009"]
[Site "Thessaloniki GRE"]
[Date "2009.04.27"]
[Round "1.3"]
[White "Bagaturov, Giorgi"]
[Black "Pavlidou, Ekaterini"]
[Result "1-0"]
[WhiteElo "2467"]
[BlackElo "2162"]
[PlyCount "75"]
[EventDate "2009.04.27"]
[EventType "swiss"]
[EventRounds "9"]
[EventCountry "GRE"]
[Source "lmi"]
[SourceDate "2009.04.27"]

1. d4 Nf6 2. c4 e6 3. Nf3 b6 4. a3 Bb7 5. Nc3 d5 6. cxd5 exd5 7. g3 Be7 8. Qa4+
c6 9. Bg2 Nbd7 10. O-O O-O 11. Rd1 Bd6 12. Nh4 Re8 13. Nf5 Bc7 14. Bg5 h6 15.
Bh4 Nf8 16. e4 Ng6 17. e5 Nxh4 18. Nxh4 Nd7 19. f4 Nf8 20. Rac1 a5 21. Qc2 Rc8
22. Qe2 Qd7 23. Qh5 Bd8 24. Nf3 Rc7 25. f5 Bc8 26. Bh3 Nh7 27. e6 fxe6 28. fxe6
Qe7 29. Re1 Nf6 30. Qg6 Qd6 31. Nh4 Bxe6 32. Nf5 Qf8 33. Rxe6 Rxe6 34. Nxh6+
Kh8 35. Bxe6 gxh6 36. Rf1 Qg7 37. Rxf6 Bxf6 38. Qe8+ 1-0

[Event "Thessaloniki Open 2009"]
[Site "Thessaloniki GRE"]
[Date "2009.04.27"]
[Round "1.4"]
[White "Galopoulos, Panagiotis"]
[Black "Shavtvaladze, Nikoloz"]
[Result "1/2-1/2"]
[WhiteElo "2151"]
[BlackElo "2454"]
[PlyCount "105"]
[EventDate "2009.04.27"]
[EventType "swiss"]
[EventRounds "9"]
[EventCountry "GRE"]
[Source "lmi"]
[SourceDate "2009.04.27"]

1. e4 g6 2. d4 Bg7 3. Nf3 d6 4. Nc3 Nf6 5. h3 O-O 6. Be3 c6 7. Qd2 b5 8. Bd3
Qc7 9. O-O Nbd7 10. Bh6 Bb7 11. Rfe1 e5 12. Bxg7 Kxg7 13. a3 a6 14. Rad1 Rad8
15. Qg5 h6 16. Qh4 Rfe8 17. Qg3 Nh5 18. Qh2 Ndf6 19. dxe5 dxe5 20. Bf1 Nf4 21.
Nh4 c5 22. Rxd8 Rxd8 23. Qg3 b4 24. Nd5 N6xd5 25. exd5 Rxd5 26. Nf5+ Kh7 27.
Ne3 Rd6 28. Nc4 Re6 29. Qb3 bxa3 30. bxa3 Bd5 31. Qc3 f6 32. Ne3 Ba8 33. Bc4
Rd6 34. Rb1 h5 35. Qb3 Kh6 36. h4 Qd8 37. Bf1 Kg7 38. Qc4 Nd5 39. Qxc5 Nxe3 40.
Qxe3 Qc7 41. Bd3 Rd4 42. Rb4 Rxb4 43. axb4 Qb7 44. Qg3 e4 45. Be2 e3 46. fxe3
Qxb4 47. Bd3 Be4 48. Qc7+ Kf8 49. Qc8+ Ke7 50. Qc7+ Ke8 51. Qc8+ Ke7 52. Qc7+
Ke8 53. Qc8+ 1/2-1/2

[Event "Thessaloniki Open 2009"]
[Site "Thessaloniki GRE"]
[Date "2009.04.27"]
[Round "1.5"]
[White "Georgiev, Krum"]
[Black "Matsenko, Vadim"]
[Result "1-0"]
[WhiteElo "2440"]
[BlackElo "2144"]
[PlyCount "81"]
[EventDate "2009.04.27"]
[EventType "swiss"]
[EventRounds "9"]
[EventCountry "GRE"]
[Source "lmi"]
[SourceDate "2009.04.27"]

1. e4 c5 2. Nf3 Nc6 3. Bb5 g6 4. c3 Bg7 5. d4 cxd4 6. cxd4 Qb6 7. Nc3 Bxd4 8.
Nxd4 Qxd4 9. Qe2 e6 10. O-O Nge7 11. Bf4 Qg7 12. Bd6 f6 13. Rad1 O-O 14. f4 Re8
15. Bc4 a6 16. a4 Nd8 17. a5 Nf7 18. Na4 Nxd6 19. Rxd6 Nc6 20. Nb6 Rb8 21. Qd2
Re7 22. f5 gxf5 23. exf5 Ne5 24. fxe6 Nxc4 25. Nxc4 Rxe6 26. Rxe6 dxe6 27. Qd6
Qf8 28. Qxb8 Qc5+ 29. Rf2 Qxc4 30. Rxf6 Qc5+ 31. Rf2 e5 32. h3 Kg7 33. b4 Qc3
34. Qd6 e4 35. Qe7+ Kg6 36. Qxe4+ Kg7 37. Rc2 Qa1+ 38. Kh2 Bd7 39. Qe7+ Kg6 40.
Qxd7 Qe5+ 41. g3 1-0

[Event "Thessaloniki Open 2009"]
[Site "Thessaloniki GRE"]
[Date "2009.04.27"]
[Round "1.6"]
[White "Aharon, Ofir"]
[Black "Sanduleac, Vasile"]
[Result "0-1"]
[WhiteElo "2134"]
[BlackElo "2438"]
[PlyCount "102"]
[EventDate "2009.04.27"]
[EventType "swiss"]
[EventRounds "9"]
[EventCountry "GRE"]
[Source "lmi"]
[SourceDate "2009.04.27"]

1. e4 c6 2. d4 d5 3. Nc3 dxe4 4. Nxe4 Bf5 5. Ng3 Bg6 6. h4 h6 7. Nf3 Nd7 8. h5
Bh7 9. Bd3 Bxd3 10. Qxd3 e6 11. Bd2 Ngf6 12. O-O-O Be7 13. Ne4 Nxe4 14. Qxe4
Nf6 15. Qe2 Qd5 16. c4 Qe4 17. Be3 b5 18. Nd2 Qf5 19. Rdg1 bxc4 20. Qxc4 Qb5
21. g4 Nd5 22. b3 Rc8 23. Ne4 O-O 24. g5 Nxe3 25. fxe3 hxg5 26. h6 Qxc4+ 27.
bxc4 gxh6 28. Rxh6 Kg7 29. Rh5 f6 30. c5 Rh8 31. Rxh8 Rxh8 32. Rg2 Rb8 33. Kc2
Kg6 34. Nd2 Bd8 35. Nc4 Bc7 36. Kd3 f5 37. Rg1 g4 38. e4 Kg5 39. e5 Rh8 40. d5
cxd5 41. Nd6 Rh3+ 42. Kd4 Rh2 43. Ne8 Ba5 44. Rd1 Kg6 45. Kd3 Rh3+ 46. Ke2 Rc3
47. Rb1 Rxc5 48. Rb7 f4 49. Rxa7 Rc2+ 50. Kd1 Rxa2 51. Nd6 f3 0-1

[Event "Thessaloniki Open 2009"]
[Site "Thessaloniki GRE"]
[Date "2009.04.27"]
[Round "1.7"]
[White "Ivanov, Jordan"]
[Black "Norkin, Alexey"]
[Result "1-0"]
[WhiteElo "2435"]
[BlackElo "2122"]
[PlyCount "55"]
[EventDate "2009.04.27"]
[EventType "swiss"]
[EventRounds "9"]
[EventCountry "GRE"]
[Source "lmi"]
[SourceDate "2009.04.27"]

1. Nf3 d5 2. c4 c6 3. e3 Nf6 4. Nc3 e6 5. b3 Nbd7 6. Qc2 Bd6 7. Bb2 Qe7 8. Rd1
b6 9. cxd5 exd5 10. Nd4 Nb8 11. Nxc6 Nxc6 12. Nxd5 Qb7 13. Bxf6 gxf6 14. Bb5
Bd7 15. Nxf6+ Kd8 16. Nxd7 Kxd7 17. Qc4 Rhf8 18. Rc1 Rac8 19. O-O Rc7 20. d4 a6
21. Bxa6 b5 22. Bxb5 Rb8 23. Qxf7+ Kd8 24. Qg8+ Ke7 25. Qxh7+ Kd8 26. Qg8+ Ke7
27. Qg5+ Kf7 28. Bxc6 1-0

[Event "Thessaloniki Open 2009"]
[Site "Thessaloniki GRE"]
[Date "2009.04.27"]
[Round "1.8"]
[White "Grapsa, Georgia"]
[Black "Danilov, Vladimir"]
[Result "1/2-1/2"]
[WhiteElo "2106"]
[BlackElo "2410"]
[PlyCount "72"]
[EventDate "2009.04.27"]
[EventType "swiss"]
[EventRounds "9"]
[EventCountry "GRE"]
[Source "lmi"]
[SourceDate "2009.04.27"]

1. d4 b5 2. Nf3 Bb7 3. a4 b4 4. c3 e6 5. g3 Bxf3 6. exf3 d5 7. a5 a6 8. Be2 c5
9. O-O Nc6 10. Qa4 Qd7 11. dxc5 Bxc5 12. Be3 Bxe3 13. fxe3 bxc3 14. Nxc3 Nge7
15. Qa3 O-O 16. Na4 Rfb8 17. Nb6 Qa7 18. Nxa8 Qxa8 19. Rac1 g6 20. Rfd1 Rb4 21.
Rc5 Qb8 22. Qd3 Rxb2 23. Qxa6 Nb4 24. Qb6 Qxb6 25. axb6 Rxe2 26. b7 Nbc6 27.
Rb1 Rxe3 28. b8=Q+ Nxb8 29. Rxb8+ Kg7 30. Rc7 Nf5 31. Kf2 Ra3 32. Rbb7 Ra2+ 33.
Kg1 Ra1+ 34. Kg2 Ra2+ 35. Kg1 Ra1+ 36. Kg2 Ra2+ 1/2-1/2

[Event "Thessaloniki Open 2009"]
[Site "Thessaloniki GRE"]
[Date "2009.04.27"]
[Round "1.9"]
[White "Dimitrov, Pavel"]
[Black "Sidorenko, Ilya"]
[Result "0-1"]
[WhiteElo "2396"]
[BlackElo "2357"]
[PlyCount "120"]
[EventDate "2009.04.27"]
[EventType "swiss"]
[EventRounds "9"]
[EventCountry "GRE"]
[Source "lmi"]
[SourceDate "2009.04.27"]

1. e4 c5 2. Nf3 d6 3. c4 e5 4. Nc3 g6 5. d3 Bg7 6. h3 Ne7 7. g4 Nbc6 8. g5 h6
9. Be3 hxg5 10. Bxg5 f6 11. Be3 Nd4 12. Bg2 Be6 13. Nd5 Qd7 14. Bxd4 cxd4 15.
Qb3 O-O-O 16. h4 Kb8 17. O-O-O Nxd5 18. exd5 Bg4 19. Rdf1 Rc8 20. Kb1 Bh6 21.
Ne1 Bf4 22. Nc2 Ka8 23. Na3 a6 24. Be4 Bh5 25. Nc2 Rc5 26. Qa3 Rhc8 27. Rfg1 f5
28. Bg2 Bd2 29. b4 R5c7 30. Rh3 Bc3 31. Bf3 e4 32. Bxh5 gxh5 33. Qb3 f4 34.
Rgh1 exd3 35. Na3 Qf5 36. c5 d2+ 37. Qc2 d1=Q+ 38. Rxd1 Qxh3 39. Nc4 Bxb4 40.
Nb6+ Kb8 41. Nxc8 Rxc8 42. c6 bxc6 43. Qc4 Qf5+ 44. Rd3 Ka7 45. dxc6 Rxc6 46.
Qxd4+ Rb6 47. Kc1 Qc5+ 48. Kd1 Qxd4 49. Rxd4 Bc5 50. Rxf4 Rb2 51. f3 Rxa2 52.
Rf7+ Kb6 53. Rf5 Rf2 54. Ke1 Rh2 55. Rxh5 a5 56. Rh8 a4 57. Rb8+ Kc7 58. Ra8 a3
59. f4 a2 60. h5 Rh1+ 0-1

[Event "Thessaloniki Open 2009"]
[Site "Thessaloniki GRE"]
[Date "2009.04.27"]
[Round "1.10"]
[White "Skoulakis, Charalambos"]
[Black "Obodchuk, Andrei"]
[Result "0-1"]
[WhiteElo "2091"]
[BlackElo "2393"]
[PlyCount "74"]
[EventDate "2009.04.27"]
[EventType "swiss"]
[EventRounds "9"]
[EventCountry "GRE"]
[Source "lmi"]
[SourceDate "2009.04.27"]

1. e4 c5 2. Nf3 d6 3. d4 cxd4 4. Nxd4 Nf6 5. f3 e6 6. c4 Be7 7. Nc3 O-O 8. Be3
Nc6 9. Qd2 d5 10. cxd5 exd5 11. exd5 Nxd5 12. Nxd5 Qxd5 13. Nxc6 Qxc6 14. Be2
Rd8 15. Qc3 Qxc3+ 16. bxc3 Bf6 17. Rc1 Be6 18. c4 Bd4 19. Kf2 Bxe3+ 20. Kxe3
Rac8 21. Rhd1 Rxd1 22. Rxd1 Kf8 23. Rd4 Ke7 24. Kd3 Rc5 25. Kc3 Ra5 26. Kb3 Rh5
27. h3 Re5 28. Re4 Rxe4 29. fxe4 Kd6 30. Kb4 Ke5 31. Kc3 b6 32. Bd3 g5 33. g4
h6 34. a3 Bd7 35. Kd2 Kd4 36. Bb1 f6 37. Bd3 Bc6 0-1

[Event "Thessaloniki Open 2009"]
[Site "Thessaloniki GRE"]
[Date "2009.04.28"]
[Round "2.1"]
[White "Pavlidis, Antonios"]
[Black "Georgiev, Vladimir"]
[Result "1-0"]
[WhiteElo "2307"]
[BlackElo "2539"]
[PlyCount "67"]
[EventDate "2009.04.27"]
[EventType "swiss"]
[EventRounds "9"]
[EventCountry "GRE"]
[Source "lmi"]
[SourceDate "2009.04.27"]

1. e4 e5 2. Nf3 Nc6 3. Bc4 Bc5 4. b4 Bxb4 5. c3 Bd6 6. d4 Nf6 7. O-O O-O 8. Re1
b6 9. Bg5 h6 10. Bh4 Bb7 11. Nbd2 Be7 12. Nxe5 Na5 13. Ng6 Nxc4 14. Nxe7+ Qxe7
15. Nxc4 g5 16. Bg3 Rfe8 17. f3 d5 18. exd5 Qd7 19. d6 Rxe1+ 20. Qxe1 Re8 21.
Qd2 Nh5 22. Ne5 Qxd6 23. Nxf7 Qe6 24. Ne5 Nxg3 25. hxg3 c5 26. Re1 cxd4 27.
cxd4 Qd6 28. f4 g4 29. f5 Qf6 30. Rf1 Rd8 31. Qe3 h5 32. Nd7 Qg7 33. f6 Qf7 34.
Ne5 1-0

[Event "Thessaloniki Open 2009"]
[Site "Thessaloniki GRE"]
[Date "2009.04.28"]
[Round "2.2"]
[White "Esen, Baris"]
[Black "Burtasova, Anna"]
[Result "1-0"]
[WhiteElo "2472"]
[BlackElo "2299"]
[PlyCount "91"]
[EventDate "2009.04.27"]
[EventType "swiss"]
[EventRounds "9"]
[EventCountry "GRE"]
[Source "lmi"]
[SourceDate "2009.04.27"]

1. Nf3 Nf6 2. g3 c5 3. Bg2 d5 4. O-O Nc6 5. d4 e6 6. c4 dxc4 7. Ne5 Bd7 8. Nxc6
Bxc6 9. Bxc6+ bxc6 10. Qa4 cxd4 11. Qxc6+ Nd7 12. Qxc4 Bc5 13. b4 Bb6 14. Bb2
Rc8 15. Qb3 O-O 16. Nd2 Ne5 17. a4 a5 18. Rfd1 axb4 19. Qxb4 Bc5 20. Qb5 Qd5
21. Nb3 d3 22. Bxe5 Qxe5 23. Rxd3 Qxe2 24. Nxc5 Rxc5 25. Qxc5 Qxd3 26. a5 Qa6
27. Qb6 Qa8 28. a6 Rb8 29. Qc7 Rc8 30. Qb7 h6 31. Kf1 Kf8 32. Rb1 g6 33. a7 Kg7
34. Qxa8 Rxa8 35. Rb7 g5 36. h3 Kg6 37. Ke2 h5 38. Kd3 f6 39. g4 hxg4 40. hxg4
Rd8+ 41. Kc4 Ra8 42. Kb5 f5 43. Ka6 fxg4 44. Rb8 Rxa7+ 45. Kxa7 Kf5 46. Rb3 1-0

[Event "Thessaloniki Open 2009"]
[Site "Thessaloniki GRE"]
[Date "2009.04.28"]
[Round "2.3"]
[White "Okun, Leonid"]
[Black "Bagaturov, Giorgi"]
[Result "0-1"]
[WhiteElo "2272"]
[BlackElo "2467"]
[PlyCount "66"]
[EventDate "2009.04.27"]
[EventType "swiss"]
[EventRounds "9"]
[EventCountry "GRE"]
[Source "lmi"]
[SourceDate "2009.04.27"]

1. Nf3 Nf6 2. c4 e6 3. g3 d5 4. Bg2 Be7 5. O-O O-O 6. b3 b6 7. Bb2 Bb7 8. Ne5
Nbd7 9. f4 c6 10. e3 Qc7 11. d4 Ne4 12. Nc3 Nxc3 13. Bxc3 Nf6 14. cxd5 cxd5 15.
Rc1 Rac8 16. Bb2 Qd6 17. Rf2 Rxc1 18. Qxc1 Rc8 19. Rc2 Rxc2 20. Qxc2 Ne8 21.
Bf1 f6 22. Bd3 fxe5 23. dxe5 Qc6 24. Bxh7+ Kh8 25. Qg6 Ba6 26. Bd4 Be2 27. Kf2
Bg4 28. Qb1 Nc7 29. Bg6 Qa8 30. Bf7 Bf5 31. Qd1 g6 32. Qc1 Qf8 33. Qxc7 Qxf7
0-1

[Event "Thessaloniki Open 2009"]
[Site "Thessaloniki GRE"]
[Date "2009.04.28"]
[Round "2.4"]
[White "Vragoteris, Antonios"]
[Black "Georgiev, Krum"]
[Result "1-0"]
[WhiteElo "2264"]
[BlackElo "2440"]
[PlyCount "61"]
[EventDate "2009.04.27"]
[EventType "swiss"]
[EventRounds "9"]
[EventCountry "GRE"]
[Source "lmi"]
[SourceDate "2009.04.27"]

1. d4 g6 2. c4 Bg7 3. e4 d6 4. Nc3 Nc6 5. Be3 e5 6. Nge2 Nh6 7. d5 Ne7 8. f3 f5
9. Qd2 Nf7 10. O-O-O h5 11. Kb1 Bh6 12. Bxh6 Rxh6 13. Nc1 Kf8 14. Nd3 Kg7 15.
c5 g5 16. cxd6 cxd6 17. Rc1 a6 18. Be2 Bd7 19. Qe3 Ng6 20. Rhd1 Rh8 21. Bf1 f4
22. Qf2 g4 23. Rc2 Ng5 24. Rdc1 Rf8 25. b3 Rf7 26. Nb2 b5 27. Nd3 a5 28. Nb2
Qb8 29. Ka1 h4 30. Bd3 h3 31. fxg4 1-0

[Event "Thessaloniki Open 2009"]
[Site "Thessaloniki GRE"]
[Date "2009.04.28"]
[Round "2.6"]
[White "Fakhiridou, Ekaterini"]
[Black "Ivanov, Jordan"]
[Result "1-0"]
[WhiteElo "2252"]
[BlackElo "2435"]
[PlyCount "61"]
[EventDate "2009.04.27"]
[EventType "swiss"]
[EventRounds "9"]
[EventCountry "GRE"]
[Source "lmi"]
[SourceDate "2009.04.27"]

1. e4 c5 2. b3 e6 3. Bb2 Nc6 4. Bb5 Nge7 5. Ne2 a6 6. Bxc6 Nxc6 7. O-O b5 8. d3
Bb7 9. Nd2 Qc7 10. f4 d5 11. exd5 exd5 12. Ng3 O-O-O 13. a4 f6 14. axb5 axb5
15. c3 Bd6 16. d4 Kb8 17. Ne2 cxd4 18. cxd4 b4 19. Rf2 Rde8 20. Nf1 h5 21. Qd2
h4 22. Bc1 Re4 23. Ne3 Rhe8 24. Nf5 g5 25. Nxd6 Qxd6 26. fxg5 Qe6 27. gxf6 Nd8
28. Qc2 Ba6 29. h3 Bxe2 30. Rxe2 Qxf6 31. Ra8+ 1-0

[Event "Thessaloniki Open 2009"]
[Site "Thessaloniki GRE"]
[Date "2009.04.28"]
[Round "2.7"]
[White "Obodchuk, Andrei"]
[Black "Makka, Ioulia"]
[Result "1-0"]
[WhiteElo "2393"]
[BlackElo "2229"]
[PlyCount "99"]
[EventDate "2009.04.27"]
[EventType "swiss"]
[EventRounds "9"]
[EventCountry "GRE"]
[Source "lmi"]
[SourceDate "2009.04.27"]

1. d4 d5 2. c4 c6 3. Nf3 Nf6 4. Nc3 a6 5. c5 Nbd7 6. Bf4 Nh5 7. Bg5 h6 8. Bd2
Qc7 9. e4 dxe4 10. Nxe4 Ndf6 11. Nxf6+ Nxf6 12. Bc4 Bf5 13. O-O e6 14. Qc1 Be7
15. Bf4 Qd8 16. Qd2 O-O 17. Rfe1 Qc8 18. Ne5 Rd8 19. b4 Nd7 20. Nf3 Bf6 21. Bd6
Nb6 22. Bb3 Nd5 23. Ne5 Bg5 24. Qd1 Nxb4 25. Qf3 Nd5 26. g4 Bg6 27. Nxg6 fxg6
28. Qe4 Bf6 29. Qxg6 Bxd4 30. Rad1 Bf6 31. Bc2 Ne7 32. Bxe7 Rxd1 33. Bxd1 Bxe7
34. Rxe6 Bxc5 35. Bc2 Qf8 36. Qh7+ Kf7 37. Bb3 Bxf2+ 38. Kxf2 Qc5+ 39. Re3+ Kf6
40. Qe4 Rf8 41. Kg2 g6 42. Qe6+ Kg7 43. Qe7+ Qxe7 44. Rxe7+ Kf6 45. Rxb7 Ke5
46. Rb6 Kd6 47. Rxa6 Kc5 48. Bc2 Rf6 49. Be4 Kb5 50. Rxc6 1-0

[Event "Thessaloniki Open 2009"]
[Site "Thessaloniki GRE"]
[Date "2009.04.28"]
[Round "2.8"]
[White "Sidorenko, Ilya"]
[Black "Tsintsar, Zoran"]
[Result "0-1"]
[WhiteElo "2357"]
[BlackElo "1962"]
[PlyCount "66"]
[EventDate "2009.04.27"]
[EventType "swiss"]
[EventRounds "9"]
[EventCountry "GRE"]
[Source "lmi"]
[SourceDate "2009.04.27"]

1. e4 c5 2. Nf3 Nc6 3. Bb5 e6 4. O-O d5 5. exd5 exd5 6. d4 Nf6 7. Re1+ Be7 8.
dxc5 O-O 9. Be3 Bg4 10. c3 Bxf3 11. Qxf3 Ne5 12. Qg3 Ng6 13. Nd2 Rc8 14. b4 b6
15. c6 Bd6 16. Qh3 Ne5 17. f3 Nxc6 18. Nb3 Be5 19. Rac1 Qd6 20. Qh4 Ne7 21. Nd4
Ng6 22. Qh3 Nf4 23. Qf5 g6 24. Qc2 Ne6 25. Ne2 Bxh2+ 26. Kh1 Qe5 27. Qd2 Rfd8
28. Ba6 Rc7 29. Bf2 Nh5 30. g3 Bxg3 31. Nxg3 Nxg3+ 32. Kg2 Nf4+ 33. Kxg3 Qg5+
0-1

[Event "Thessaloniki Open 2009"]
[Site "Thessaloniki GRE"]
[Date "2009.04.28"]
[Round "2.9"]
[White "Hidzos, Georgios"]
[Black "Poley, Vladimir"]
[Result "0-1"]
[WhiteElo "2046"]
[BlackElo "2338"]
[PlyCount "122"]
[EventDate "2009.04.27"]
[EventType "swiss"]
[EventRounds "9"]
[EventCountry "GRE"]
[Source "lmi"]
[SourceDate "2009.04.27"]

1. e4 g6 2. d4 Bg7 3. Nc3 c6 4. Nf3 d5 5. h3 Nf6 6. Bd3 dxe4 7. Nxe4 Nxe4 8.
Bxe4 Qd6 9. O-O Nd7 10. c3 O-O 11. Re1 Re8 12. Bg5 Nf8 13. Qd2 Ne6 14. Bh4 Nf4
15. Bg3 Bh6 16. Kh1 Qf6 17. Ne5 Kg7 18. Qd1 Nh5 19. Bh2 Bf4 20. Qf3 Bxh2 21.
Kxh2 Rd8 22. g3 Qxf3 23. Bxf3 Nf6 24. Nd3 e6 25. a4 a5 26. Ne5 Bd7 27. Nc4 Ra6
28. Nd6 Ra7 29. Re5 Nd5 30. Rae1 Nb6 31. Bd1 Bc8 32. Nxc8 Rxc8 33. Bb3 Nd7 34.
R5e2 Nb6 35. f4 Raa8 36. g4 Rc7 37. Kg3 Rd8 38. Re5 Nd7 39. R5e2 Nf6 40. Re5 b6
41. f5 exf5 42. gxf5 g5 43. h4 h6 44. hxg5 hxg5 45. Kf3 Rd6 46. Rg1 Nh7 47.
Rge1 Rdd7 48. Kg4 Kh6 49. Rh1+ Kg7 50. Rhe1 Kh6 51. Rh1+ Kg7 52. Rhe1 c5 53.
dxc5 Rxc5 54. Rxc5 bxc5 55. Re5 Rb7 56. Bc4 Rxb2 57. Rxc5 Nf6+ 58. Kf3 g4+ 59.
Kf4 Rf2+ 60. Ke3 g3 61. Be2 Rxe2+ 0-1

[Event "Thessaloniki Open 2009"]
[Site "Thessaloniki GRE"]
[Date "2009.04.28"]
[Round "2.10"]
[White "Shavtvaladze, Nikoloz"]
[Black "Gymnopoulos, Konstantinos"]
[Result "1-0"]
[WhiteElo "2454"]
[BlackElo "1894"]
[PlyCount "53"]
[EventDate "2009.04.27"]
[EventType "swiss"]
[EventRounds "9"]
[EventCountry "GRE"]
[Source "lmi"]
[SourceDate "2009.04.27"]

1. e4 c5 2. Nc3 Nc6 3. Bb5 d6 4. Bxc6+ bxc6 5. d3 g6 6. f4 Bg7 7. Nf3 Nh6 8.
O-O O-O 9. Na4 Rb8 10. c4 Bg4 11. Rb1 Bd4+ 12. Kh1 f5 13. Qe1 Bxf3 14. Rxf3 Ng4
15. exf5 gxf5 16. h3 h5 17. hxg4 hxg4 18. Rf1 Qe8 19. Be3 Qh5+ 20. Kg1 Rf7 21.
Bxd4 Rh7 22. Bc3 Qh2+ 23. Kf2 Rh3 24. Ke2 Rh6 25. Qf2 Qh5 26. Rh1 Re6+ 27. Kd2
1-0

[Event "Thessaloniki Open 2009"]
[Site "Thessaloniki GRE"]
[Date "2009.04.28"]
[Round "2.11"]
[White "Danilov, Vladimir"]
[Black "Galopoulos, Panagiotis"]
[Result "1/2-1/2"]
[WhiteElo "2410"]
[BlackElo "2151"]
[PlyCount "112"]
[EventDate "2009.04.27"]
[EventType "swiss"]
[EventRounds "9"]
[EventCountry "GRE"]
[Source "lmi"]
[SourceDate "2009.04.27"]

1. d4 Nf6 2. c4 e6 3. Nc3 Bb4 4. Bg5 h6 5. Bh4 c5 6. d5 Bxc3+ 7. bxc3 e5 8. e3
d6 9. Bd3 g5 10. Bg3 e4 11. Bc2 Qe7 12. h4 Bg4 13. Qb1 O-O 14. hxg5 hxg5 15.
Ne2 b6 16. Kd2 Nbd7 17. Qg1 Ne5 18. Bxe5 Qxe5 19. Qh2 Qxh2 20. Rxh2 Bf5 21. Ng3
Bg6 22. f3 Rae8 23. Rah1 Kg7 24. Nxe4 Nxe4+ 25. fxe4 Bxe4 26. Bxe4 Rxe4 27. Kd3
Rg4 28. Rh7+ Kf6 29. R1h6+ Ke5 30. Rh2 a6 31. a4 b5 32. axb5 axb5 33. cxb5 Kxd5
34. Rg7 c4+ 35. Ke2 Kc5 36. Kf3 f5 37. Rh6 Rh4 38. Rc7+ Kxb5 39. Rxd6 Re4 40.
Rd5+ Kb6 41. Rxf5 Rfe8 42. Rfc5 g4+ 43. Kg3 Rxe3+ 44. Kxg4 Rg8+ 45. Kf4 Reg3
46. R7c6+ Kb7 47. Rc7+ Kb6 48. R7c6+ Kb7 49. Rf6 R8g4+ 50. Ke5 Rg5+ 51. Rf5
Rxf5+ 52. Kxf5 Rxc3 53. g4 Kb6 54. Rc8 Kb5 55. g5 Rg3 56. g6 Kb4 1/2-1/2

[Event "Thessaloniki Open 2009"]
[Site "Thessaloniki GRE"]
[Date "2009.04.28"]
[Round "2.12"]
[White "Simanjuntak, Sebastian"]
[Black "Grapsa, Georgia"]
[Result "1-0"]
[WhiteElo "2260"]
[BlackElo "2106"]
[PlyCount "79"]
[EventDate "2009.04.27"]
[EventType "swiss"]
[EventRounds "9"]
[EventCountry "GRE"]
[Source "lmi"]
[SourceDate "2009.04.27"]

1. d4 Nf6 2. Nf3 e6 3. c4 b6 4. g3 Ba6 5. b3 b5 6. Bg2 bxc4 7. Ne5 Bb4+ 8. Nd2
d5 9. bxc4 O-O 10. O-O Bc3 11. Rb1 Bxd4 12. Ndf3 Bb6 13. Qc2 c5 14. Rd1 Qe8 15.
Bb2 h6 16. Nh4 Bb7 17. a4 Qc8 18. Bc3 d4 19. Ba1 Bxg2 20. Kxg2 Na6 21. e3 Qc7
22. f4 Nb4 23. Qe2 Nc6 24. Nd3 Rad8 25. Rb5 a6 26. Rbb1 Ba7 27. Qf3 Rb8 28. h3
e5 29. e4 Rfe8 30. f5 Nb4 31. Nf2 Qc6 32. Bb2 Qxa4 33. Bc1 Na2 34. Bd2 Qxc4 35.
Ng4 Rxb1 36. Nxf6+ Kf8 37. Rxb1 Rd8 38. Rb7 Qc2 39. Qh5 Qc4 40. Bxh6 1-0

[Event "Thessaloniki Open 2009"]
[Site "Thessaloniki GRE"]
[Date "2009.04.28"]
[Round "3.1"]
[White "Pavlidis, Antonios"]
[Black "Esen, Baris"]
[Result "1/2-1/2"]
[WhiteElo "2307"]
[BlackElo "2472"]
[PlyCount "75"]
[EventDate "2009.04.27"]
[EventType "swiss"]
[EventRounds "9"]
[EventCountry "GRE"]
[Source "lmi"]
[SourceDate "2009.04.27"]

1. e4 c5 2. Nf3 Nc6 3. Nc3 g6 4. Bb5 Bg7 5. Bxc6 bxc6 6. O-O d6 7. d3 e5 8. Ne1
Nf6 9. f4 Nd7 10. Nf3 O-O 11. fxe5 Nxe5 12. Nxe5 Bxe5 13. Bf4 Bg7 14. Kh1 Be6
15. Qd2 Re8 16. Rae1 Rb8 17. e5 dxe5 18. Bxe5 Rxb2 19. Bxg7 Kxg7 20. Ne4 Bf5
21. Nxc5 Rxe1 22. Rxe1 Rxa2 23. Rf1 h5 24. h3 Qf6 25. Nb3 Qe5 26. Qf2 Ra4 27.
c4 Qc3 28. Nd4 Ra1 29. Nxf5+ gxf5 30. Qxf5 Rxf1+ 31. Qxf1 Kg6 32. Qf3 Qe1+ 33.
Kh2 Qe5+ 34. Kh1 c5 35. Qa8 Qa1+ 36. Kh2 a5 37. Qc6+ f6 38. Qe8+ 1/2-1/2

[Event "Thessaloniki Open 2009"]
[Site "Thessaloniki GRE"]
[Date "2009.04.28"]
[Round "3.2"]
[White "Bagaturov, Giorgi"]
[Black "Vragoteris, Antonios"]
[Result "1-0"]
[WhiteElo "2467"]
[BlackElo "2264"]
[PlyCount "95"]
[EventDate "2009.04.27"]
[EventType "swiss"]
[EventRounds "9"]
[EventCountry "GRE"]
[Source "lmi"]
[SourceDate "2009.04.27"]

1. d4 f5 2. g3 Nf6 3. Bg2 g6 4. Nf3 Bg7 5. O-O O-O 6. b3 d6 7. Bb2 Ne4 8. Nbd2
Nc6 9. c4 Nxd2 10. Qxd2 e5 11. dxe5 dxe5 12. Qd5+ Kh8 13. Qxd8 Rxd8 14. Ng5 Rd2
15. Bc3 Rxe2 16. Bxc6 bxc6 17. Rfd1 Bf6 18. Kf1 Rc2 19. Bxe5 Bxe5 20. Nf7+ Kg7
21. Nxe5 f4 22. gxf4 Bh3+ 23. Ke1 Rf8 24. Rd2 Rxd2 25. Kxd2 Rxf4 26. Ke3 Rf6
27. Rd1 g5 28. Rd8 a6 29. Re8 Rh6 30. Nf3 Kf7 31. Re5 g4 32. Ng5+ Kf6 33. Kf4
Rh5 34. Ne4+ Kg6 35. Re6+ Kg7 36. Ng3 Ra5 37. a4 h5 38. Rxc6 h4 39. Rxc7+ Kg6
40. Rc6+ Kg7 41. Rc7+ Kf8 42. c5 hxg3 43. hxg3 Bf1 44. Ke5 Bc4 45. bxc4 Rxa4
46. Kd5 Ra2 47. c6 Rxf2 48. Rh7 1-0

[Event "Thessaloniki Open 2009"]
[Site "Thessaloniki GRE"]
[Date "2009.04.28"]
[Round "3.3"]
[White "Tsintsar, Zoran"]
[Black "Obodchuk, Andrei"]
[Result "0-1"]
[WhiteElo "1962"]
[BlackElo "2393"]
[PlyCount "42"]
[EventDate "2009.04.27"]
[EventType "swiss"]
[EventRounds "9"]
[EventCountry "GRE"]
[Source "lmi"]
[SourceDate "2009.04.27"]

1. e4 c5 2. c3 d5 3. exd5 Qxd5 4. d4 Nf6 5. Nf3 e6 6. Bb5+ Nc6 7. O-O cxd4 8.
c4 Qh5 9. Nxd4 Qxd1 10. Rxd1 Bd7 11. a3 Nxd4 12. Bxd7+ Nxd7 13. Rxd4 Nc5 14.
Nd2 Be7 15. Rb1 Bf6 16. Rg4 O-O-O 17. b4 h5 18. Rg3 Ne4 19. Nf1 Nxg3 20. Nxg3
Rd1+ 21. Nf1 Bg5 0-1